| 000 | 01061 a2200301 4500 | ||
|---|---|---|---|
| 999 |
_c29413 _d29384 |
||
| 003 | EG-ScBUE | ||
| 005 | 20210916153200.0 | ||
| 008 | 200219t2006 ua a f 000 0 eng d | ||
| 020 | _a9776163507 | ||
| 040 |
_aEG-ScBUE _beng _erda _cEG-ScBUE _dEG-ScBUE |
||
| 043 | _af-ua--- | ||
| 082 | 0 | 4 |
_a727.809621 _bSER _222 |
| 100 | 1 |
_aSerageldin, Ismail, _d1944- _eauthor. _94696 |
|
| 245 | 1 | 2 |
_aA landmark building : _breflections on the architecture of the bibliotheca Alexandrina / _cIsmail Serageldin. |
| 264 | 1 |
_aAlexandria : _bBibliotheca Alexandria, _c[2006] |
|
| 264 | 4 | _cc2006 | |
| 300 |
_a61 pages : _billustrations, plans ; _c24 cm |
||
| 336 |
_2rdacontent _atext _btxt |
||
| 337 |
_2rdamedia _aunmediated _bn |
||
| 338 |
_2rdacarrier _avolume _bnc |
||
| 546 | _aeng | ||
| 650 | 7 |
_aLibrary architecture _zEgypt _zAlexandria. _2BUEsh |
|
| 650 | 7 |
_aLibrary buildings _zEgypt _zAlexandria _xDesign and construction. _2BUEsh |
|
| 653 |
_bENGARC _cSeptember2021 |
||
| 655 |
_vReading book _934232 |
||
| 942 |
_2ddc _cBB |
||